000 01510nam a2200361 a 4500
001 ebr10383928
003 CaPaEBR
006 m u
007 cr cn|||||||||
008 100614s1959 dcu sb 001 0 eng d
010 _z 77081352
020 _z9780813215662
020 _z9780813211404 (e-book)
040 _aCaPaEBR
_cCaPaEBR
035 _a(OCoLC)647923126
041 1 _aeng
_hlat
050 1 4 _aBR60.F3
_bT478 1959eb
100 0 _aTertullian,
_dca. 160-ca. 230.
245 1 0 _aDisciplinary, moral, and ascetical works
_h[electronic resource] /
_cTertullian ; translated by Rudolph Arbesmann, Sister Emily Joseph Daly, Edwin A. Quain.
260 _aWashington, D.C. :
_bCatholic University of America Press,
_c1959.
300 _a323 p.
490 1 _aThe Fathers of the church, a new translation ;
_vv. 40
504 _aIncludes bibliographical references (p. 16) and index.
533 _aElectronic reproduction.
_bPalo Alto, Calif. :
_cebrary,
_d2010.
_nAvailable via World Wide Web.
_nAccess may be limited to ebrary affiliated libraries.
650 0 _aTheology
_xHistory
_yEarly church, ca. 30-600.
655 7 _aElectronic books.
_2local
700 1 _aArbesmann, Rudolphus,
_db. 1895.
700 1 _aDaly, Emily Joseph.
700 1 _aQuain, Edwin A.,
_d1906-1975.
710 2 _aebrary, Inc.
830 0 _aFathers of the church ;
_vv. 40.
856 4 0 _uhttp://site.ebrary.com/lib/rucke/Doc?id=10383928
_zAn electronic book accessible through the World Wide Web; click to view
999 _c100039
_d100039